00446nam a22001577a 450000500170000001000120001702000270002903700250005608200080008110000180008924500610010726000380016827000560020630000200026249000060028220260227152342.0 aBACEN26 a9788198220608c1500.00 bEss Ess Publications a000 aAvneesh Kumar aUniverse of knoweedge in library and information science aDelhibEss Ess publicationsc2025 a4831/24, Ansari Road, Darya GanjbNew Delhie110002 a347p.c25cm(hb) v1